| 000 | 00621 a2200241 4500 | ||
|---|---|---|---|
| 260 | _aParis | ||
| 630 | _a69 - Industrie de la construction. Materiaux de construction. Metaux et procedes de construction | ||
| 037 | _b1, Achat | ||
| 650 | _a6 - SCIENCES APPLIQUEES | ||
| 260 | _bMasson et Cie | ||
| 245 | _aMonographies sur les métaux de haute pureté : Tome I | ||
| 300 | _a540 p. | ||
| 650 | _aMétal | ||
| 650 | _aMétallurgie | ||
| 260 | _c1972 | ||
| 300 | _b25cm | ||
| 100 | _lFr | ||
| 037 | _aS 6400 | ||
| 700 | _adir., Chaudron, G. | ||
| 700 | _acol., Dimitrov, O. | ||
| 999 |
_c41935 _d41935 |
||